Un débat raisonné?: retour sur dix ans de sécurité intérieure
| Körperschaft: | |
|---|---|
| Medienart: | Druck Buch |
| Sprache: | Französisch |
| Veröffentlicht: |
Paris
IHESI
1999
|
| In: |
Les cahiers de la sécurité intérieure (37)
Jahr: 1999 |
| Bestand in Tübingen: | In Tübingen vorhanden. UB: ZA 8226-37/38 |
| Verfügbarkeit prüfen: | HBZ Gateway |
| Subito Bestelldienst: | Jetzt bestellen. |
| Schlagwörter: |
MARC
| LEADER | 00000cam a2200000 c 4500 | ||
|---|---|---|---|
| 001 | 1151499048 | ||
| 003 | DE-627 | ||
| 005 | 20260206201720.0 | ||
| 007 | tu | ||
| 008 | 991105s1999 xx ||||| 00| ||fre c | ||
| 035 | |a (DE-627)1151499048 | ||
| 035 | |a (DE-603)183056124 | ||
| 035 | |a (DE-576)081499043 | ||
| 035 | |a (DE-599)BSZ081499043 | ||
| 035 | |a (OCoLC)638014109 | ||
| 035 | |a (OCoLC)43410687 | ||
| 035 | |a (DE-615)00590410 | ||
| 040 | |a DE-627 |b ger |c DE-627 |e rakwb | ||
| 041 | |a fre | ||
| 082 | 0 | |a 347 | |
| 082 | 0 | |a 0905 | |
| 082 | 0 | |a 0904 | |
| 082 | 0 | |a 944 | |
| 082 | 0 | |a 363.2 |2 DDC21oclc | |
| 084 | |a RA04.06 |2 fivr | ||
| 084 | |a SF06 |2 fivs | ||
| 245 | 0 | 3 | |a Un débat raisonné? |b retour sur dix ans de sécurité intérieure |c [Institut des Hautes Études de la Sécurité Intérieure] |
| 264 | 1 | |a Paris |b IHESI |c 1999 | |
| 300 | |a 285 S. | ||
| 336 | |a Text |b txt |2 rdacontent | ||
| 337 | |a ohne Hilfsmittel zu benutzen |b n |2 rdamedia | ||
| 338 | |a Band |b nc |2 rdacarrier | ||
| 490 | 1 | |a Les cahiers de la sécurité intérieure |v 37 | |
| 505 | 8 | |a Literaturangaben | |
| 583 | 1 | |a Archivierung prüfen |c 20200919 |f DE-640 |z 3 |2 pdager | |
| 583 | 1 | |a Archivierung/Langzeitarchivierung gewährleistet |f SSG |x XA-DE-BW |2 pdager |5 DE-21 | |
| 583 | 1 | |a Archivierung/Langzeitarchivierung gewährleistet |f SLG |z Frankreichforschung |2 pdager |5 DE-77 | |
| 610 | 2 | 7 | |0 (DE-588)5050393-5 |0 (DE-627)104023538 |0 (DE-576)193728400 |a Institut des Hautes Études de la Sécurité Intérieure |2 gnd |
| 650 | 0 | 7 | |0 (DE-588)4127888-4 |0 (DE-627)105721344 |0 (DE-576)209597410 |a Innere Sicherheit |2 gnd |
| 650 | 0 | 7 | |0 (DE-588)7633552-5 |0 (DE-627)585345430 |0 (DE-576)288122380 |a Behörden und Organisationen mit Sicherheitsaufgaben |2 gnd |
| 650 | 0 | 7 | |0 (DE-588)4046595-0 |0 (DE-627)106197525 |0 (DE-576)209070196 |a Polizei |2 gnd |
| 650 | 0 | 7 | |0 (DE-588)4033178-7 |0 (DE-627)10458503X |0 (DE-576)209000511 |a Kriminalität |2 gnd |
| 650 | 0 | 7 | |0 (DE-588)4017894-8 |0 (DE-627)106328379 |0 (DE-576)208921524 |a Forschung |2 gnd |
| 650 | 4 | |a Frankreich |x Innere Sicherheit |x Sicherheitsorgane |x Polizei |x Kriminalität |x Institut des Hautes Etudes de la Sécurité Intérieure (Paris) |x Stand der Forschung | |
| 651 | 7 | |0 (DE-588)4018145-5 |0 (DE-627)106327232 |0 (DE-576)208922857 |a Frankreich |2 gnd | |
| 655 | 7 | |a Aufsatzsammlung |0 (DE-588)4143413-4 |0 (DE-627)105605727 |0 (DE-576)209726091 |2 gnd-content | |
| 689 | 0 | 0 | |d g |0 (DE-588)4018145-5 |0 (DE-627)106327232 |0 (DE-576)208922857 |a Frankreich |2 gnd |
| 689 | 0 | 1 | |d s |0 (DE-588)4127888-4 |0 (DE-627)105721344 |0 (DE-576)209597410 |a Innere Sicherheit |2 gnd |
| 689 | 0 | |5 (DE-627) | |
| 710 | 2 | |a Institut des Hautes Études de la Sécurité Intérieure |0 (DE-588)5050393-5 |0 (DE-627)104023538 |0 (DE-576)193728400 |4 oth | |
| 830 | 4 | |a Les cahiers de la sécurité intérieure |v 37 |9 37 |w (DE-627)170505073 |w (DE-576)023894598 |w (DE-600)1067465-2 |x 1150-1634 |7 am | |
| 935 | |a mkri |a MZFRA | ||
| 935 | |h HEB |i 0501 | ||
| 935 | |h HEB |i 0503 | ||
| 936 | f | i | |0 (DE-627)1756131651 |a RA04.06 |b Frankreich |k Europa |k Westeuropa |k Frankreich |2 fivr |
| 936 | f | i | |0 (DE-627)1756135819 |a SF06 |b Innere Sicherheit/Innerstaatlicher Konflikt |k Staat |k Innere Sicherheit/Innerstaatlicher Konflikt |2 fivs |
| 936 | f | i | |a ZGF260 |b Recht, Justiz, Innere Sicherheit |k Recht, Justiz, Innere Sicherheit |q DE-Lg3 |2 fivw |
| 936 | s | n | |a m200 |2 mzub |
| 938 | 1 | 0 | |0 (DE-627)1756145407 |0 (DE-615)6603626 |a Innere Sicherheit |2 fivt |
| 938 | 1 | 0 | |0 (DE-627)1756157944 |0 (DE-615)6604863 |a Sicherheitsorgane |2 fivt |
| 938 | 1 | 0 | |0 (DE-627)1756154864 |0 (DE-615)6607336 |a Polizei |2 fivt |
| 938 | 1 | 0 | |0 (DE-627)1756185786 |0 (DE-615)6606832 |a Kriminalität |2 fivt |
| 938 | 1 | 0 | |0 (DE-627)104023538 |0 (DE-588)5050393-5 |a Institut des Hautes Études de la Sécurité Intérieure |2 gnd |2 fivt |
| 938 | 1 | 0 | |0 (DE-627)1756195161 |0 (DE-615)6602838 |a Stand der Forschung |2 fivt |
| 938 | 1 | 0 | |0 (DE-627)1756148325 |0 (DE-615)6603106 |a Frankreich |2 fivt |
| 951 | |a BO | ||
| ELC | |b 1 | ||
| LOK | |0 000 xxxxxcx a22 zn 4500 | ||
| LOK | |0 001 2368142207 | ||
| LOK | |0 003 DE-627 | ||
| LOK | |0 004 1151499048 | ||
| LOK | |0 005 20020809000000 | ||
| LOK | |0 008 991105||||||||||||||||ger||||||| | ||
| LOK | |0 040 |a DE-21 |c DE-627 |d DE-21 | ||
| LOK | |0 852 |a DE-21 | ||
| LOK | |0 852 1 |c ZA 8226-37/38 |9 00 | ||
| LOK | |0 938 |l 34 |8 2 | ||
| LOK | |0 939 |a 05-11-99 |b l01 | ||
| LOK | |0 000 xxxxxcx a22 zn 4500 | ||
| LOK | |0 001 2368142177 | ||
| LOK | |0 003 DE-627 | ||
| LOK | |0 004 1151499048 | ||
| LOK | |0 005 19991116000000 | ||
| LOK | |0 008 991116||||||||||||||||ger||||||| | ||
| LOK | |0 040 |a DE-Frei85 |c DE-627 |d DE-Frei85 | ||
| LOK | |0 852 |a DE-Frei85 | ||
| LOK | |0 852 1 |m p |9 00 | ||
| LOK | |0 938 |k p | ||
| LOK | |0 939 |a 16-11-99 |b l01 | ||
| ORI | |a SA-MARC-krimdoka001.raw | ||
| SIG | |a UB: ZA 8226-37/38 | ||
